[Event "GER AM05-A email"]
[Site "GER email"]
[Date "2019.06.19"]
[Round "?"]
[White "Miras Garcia, Eduardo"]
[Black "Kornev, Aleksey Nikolaevich"]
[Result "1/2-1/2"]
[WhiteElo "2511"]
[BlackElo "2535"]
[PlyCount "34"]
[EventDate "2019.??.??"]
[EventType "tourn (corr)"]
[EventRounds "14"]
[EventCountry "GER"]
[SourceTitle "Corr 2022"]
[Source "ChessBase"]
[SourceDate "2021.10.24"]
[SourceVersion "1"]
[SourceVersionDate "2021.10.24"]
[SourceQuality "1"]

1. e4 e5 2. Nf3 Nc6 3. Bc4 Bc5 4. c3 Nf6 5. d3 d6 6. 0-0 a6 7. a4 0-0 8. Re1 Ba7 9. h3 Ne7 10. d4 Ng6 11. Nbd2 h6 12. Bb3 Re8 13. Bc2 Bd7 14. Nf1 Bc6 15. d5 Bd7 16. Be3 Bxe3 17. Nxe3 b5 1/2-1/2